Quick Pick: Logo Colors Quiz Stats

 Plays Quiz Updated Jan 19, 2018

Challenge
Share
Tweet
Embed
Score 0/15 Timer 01:00
4 Plays Today
% Correct
Blue
88.3%
Green
86.6%
Yellow
84.5%
Red
80.2%
Red
77.9%
Blue
73.6%
Green
68.9%
Green
68.7%
% Correct
Black
57.5%
Black
52.6%
Black
49.9%
Yellow
46%
Red
45.2%
Blue
45%
Yellow
31.3%

Today's Daily Dose

Missing Word
TV HA - HZ

Word Ladder
Nordic Capital

On This Day
January 19th II

You're not logged in!

Compare scores with friends on all Sporcle quizzes.
OR
Log In

You Might Also Like...

Show Comments

Extras

Top Quizzes Today


Score Distribution

Your Account Isn't Verified!

In order to create a playlist on Sporcle, you need to verify the email address you used during registration. Go to your Sporcle Settings to finish the process.

Report this User

Report this user for behavior that violates our Community Guidelines.

Details: